| Tag |
First Indicator |
Second Indicator |
Subfields |
| LEADER |
00000cam a2200000 i 4500 |
| 001 |
in00005771139 |
| 005 |
20260327173733.3 |
| 006 |
m o d |
| 007 |
cr ||||||||||| |
| 008 |
221118t20232023xxu o u000 u eng d |
| 040 |
|
|
|a VLB
|b eng
|e rda
|c VLB
|d VLB
|d OCLCF
|d OCLCO
|d OCLCL
|d OCLCQ
|d OPELS
|d OCLCL
|
| 066 |
|
|
|c $1
|
| 020 |
|
|
|a 0128117605
|q (electronic bk.)
|
| 020 |
|
|
|a 9780128117606
|q (electronic bk.)
|
| 020 |
|
|
|z 9780128117606
|q (pbk)
|
| 035 |
|
|
|a (OCoLC)1351026047
|
| 050 |
1 |
4 |
|a QA76.9.D343
|b H36 2023eb
|
| 082 |
1 |
4 |
|a 006.3/12
|
| 084 |
|
|
|a 007.609
|2 njb/10
|
| 049 |
|
|
|a TXAM
|
| 100 |
1 |
|
|6 880-01
|a Han, Jiawei,
|e author.
|
| 245 |
1 |
0 |
|a Data mining :
|b concepts and techniques /
|c Jiawei Han, Jian Pei, Hanghang Tong.
|
| 250 |
|
|
|a Fourth edition.
|
| 264 |
|
1 |
|a Cambridge, MA, United States :
|b Morgan Kaufmann Publishers,
|c [2023]
|
| 264 |
|
4 |
|c ©2023
|
| 300 |
|
|
|a 1 online resource (xxix, 752 pages) :
|b illustrations
|
| 336 |
|
|
|a text
|b txt
|2 rdacontent
|
| 337 |
|
|
|a computer
|b c
|2 rdamedia
|
| 338 |
|
|
|a online resource
|b cr
|2 rdacarrier
|
| 504 |
|
|
|a Includes bibliographical references (pages 681-734) and index.
|
| 588 |
|
|
|a Description based on print version record.
|
| 520 |
|
|
|a Data Mining: Concepts and Techniques, Fourth Edition introduces concepts, principles, and methods for mining patterns, knowledge, and models from various kinds of data for diverse applications. Specifically, it delves into the processes for uncovering patterns and knowledge from massive collections of data, known as knowledge discovery from data, or KDD. It focuses on the feasibility, usefulness, effectiveness, and scalability of data mining techniques for large data sets. After an introduction to the concept of data mining, the authors explain the methods for preprocessing, characterizing, and warehousing data. They then partition the data mining methods into several major tasks, introducing concepts and methods for mining frequent patterns, associations, and correlations for large data sets; data classificcation and model construction; cluster analysis; and outlier detection. Concepts and methods for deep learning are systematically introduced as one chapter. Finally, the book covers the trends, applications, and research frontiers in data mining.
|
| 650 |
|
0 |
|a Data mining.
|
| 650 |
|
6 |
|a Exploration de données (Informatique)
|
| 650 |
|
7 |
|a Data mining
|2 fast
|
| 655 |
|
7 |
|a Electronic books.
|2 local
|
| 700 |
1 |
|
|6 880-02
|a Pei, Jian
|c (Computer scientist),
|e author.
|
| 700 |
1 |
|
|6 880-03
|a Tong, Hanghang,
|e author.
|
| 710 |
2 |
|
|a ScienceDirect (Online service)
|
| 758 |
|
|
|i has work:
|a Data mining (Text)
|1 https://id.oclc.org/worldcat/entity/E39PCGc3X7TbHWjqJV69XBXcfq
|4 https://id.oclc.org/worldcat/ontology/hasWork
|
| 776 |
0 |
8 |
|i Print version:
|a Han, Jiawei.
|t Data mining.
|b Fourth edition.
|d Cambridge, MA, United States : Morgan Kaufmann Publishers, [2023]
|z 9780128117606
|w (OCoLC)1350861680
|
| 856 |
4 |
0 |
|u http://proxy.library.tamu.edu/login?url=https://www.sciencedirect.com/science/book/9780128117606
|z Connect to the full text of this electronic book
|t 0
|
| 880 |
1 |
|
|6 100-01/$1
|a 韩, 家炜
|
| 880 |
1 |
|
|6 700-02/$1
|a 裴, 健
|c (Computer scientist)
|
| 880 |
1 |
|
|6 700-03/$1
|a 童, 行行
|
| 955 |
|
|
|a Elsevier ScienceDirect 2026-2027
|
| 994 |
|
|
|a 92
|b TXA
|
| 999 |
f |
f |
|i cddd8ac0-c23f-4af9-bd4f-94afc4e3f51f
|s 161055d1-9bf0-40ff-8b52-9d0d14cc1184
|t 0
|
| 952 |
f |
f |
|a Texas A&M University
|b College Station
|c Electronic Resources
|s www_evans
|d Available Online
|t 0
|e QA76.9.D343 H36 2023eb
|h Library of Congress classification
|
| 998 |
f |
f |
|a QA76.9.D343 H36 2023eb
|t 0
|l Available Online
|